00948cam a22002297a 4500003000400000005001700004008004100021020001800062040002400080100002500104245012800129260004000257300002600297490002900323500002900352500012300381504008100504650003400585650002800619650004100647700003000688OSt20181017114047.0181017s2018 spco 000 0 cat d a9788417214371 aES-BaUABbcatcCDMR1 aGifreu, Josepeautor13aEl quart poder i la independènciab: la batalla mediàtica per l'1 dóctubre /cJosep Gifreu; pròleg de Xavier Antich aBarcelona :bAngle Editorial,c2018 a203 p. :bil ;c22 cm0 aEl Fil dÁriadna ;v108 aPremi d'assaig Irla 2018 aLes fotografies corresponen a les portades sobre els fets dels principals diaris de la premsa catalana i internacional aConté nombroses notes bibliogràfics. Índex d'abreviatures i acrònims 4aReferèndumzCatalunyay2017 4aPremsa i EstatzEspanya 4aPremsa i políticazCatalunyay20171 aAntich, Xavier.d(1962- )